| Record ID | ia:Johnson1972_0 |
| Source | Internet Archive |
| Download MARC XML | https://archive.org/download/Johnson1972_0/Johnson1972_0_marc.xml |
| Download MARC binary | https://www.archive.org/download/Johnson1972_0/Johnson1972_0_meta.mrc |
LEADER: 01156cam a2200313 a 4500
001 559236
003 CaAEU
008 880418s1972 abc m 000 0 eng c
035 $aocm66051247
040 $beng$dAEE
043 $an-cn-ab
049 $aAEU$beng
055 3 $aHV 40.4$bJ66 1972
090 0 $aHV 40.4 J66 1972
100 1 $aJohnson, Dennis Brian.
245 10 $aClient perception of social workers /$cby Dennis Brian Johnson.
260 $aEdmonton, Alta. :$bUniversity of Alberta,$c1972.
300 $axi, 119 leaves ;$c29 cm.
336 $atext$btxt$2rdacontent
337 $aunmediated$bn$2rdamedia
338 $avolume$bnc$2rdacarrier
500 $aIn partial fulfilment of the requirements for the degree of Doctor of Philosophy, Department of Educational Psychology.
502 $aThesis (Ph.D.) -- University of Alberta, 1972.
596 $a38
650 0 $aSocial work education$zAlberta$xEvaluation.
650 0 $aSocial workers$zAlberta$xCertification.
650 0 $aParaprofessionals in social service$zAlberta.
710 2 $aUniversity of Alberta.$bDept. of Educational Psychology.
926 $aUARCRF$bON_SHELF$cHV 40.4 J66 1972$dBOOK$f1